Database system concepts (Record no. 489)

000 -LEADER
fixed length control field 00571nam a22002297a 4500
001 - CONTROL NUMBER
control field 489
003 - CONTROL NUMBER IDENTIFIER
control field BD-DhUET
008 - FIXED-LENGTH DATA ELEMENTS--GENERAL INFORMATION
fixed length control field 140722b xxu||||| |||| 00| 0 eng d
020 ## - INTERNATIONAL STANDARD BOOK NUMBER
International Standard Book Number 007124476X
040 ## - CATALOGING SOURCE
Transcribing agency 0
Modifying agency BD-DhUET
082 ## - DEWEY DECIMAL CLASSIFICATION NUMBER
Classification number 005.74
Item number SIL/2006
100 ## - MAIN ENTRY--PERSONAL NAME
Personal name Silberschatz, Abraham
245 ## - TITLE STATEMENT
Title Database system concepts
250 ## - EDITION STATEMENT
Edition statement 5th ed.
260 ## - PUBLICATION, DISTRIBUTION, ETC. (IMPRINT)
Place of publication, distribution, etc. Boston
Name of publisher, distributor, etc. McGraw-Hill
Date of publication, distribution, etc. 2006
300 ## - PHYSICAL DESCRIPTION
Extent xxvi,1142p.
Other physical details ill.
504 ## - BIBLIOGRAPHY, ETC. NOTE
Bibliography, etc Includes bibliographies
650 #0 - SUBJECT ADDED ENTRY--TOPICAL TERM
Topical term or geographic name as entry element Database management
700 ## - ADDED ENTRY--PERSONAL NAME
Personal name Korth, Henry F.
700 ## - ADDED ENTRY--PERSONAL NAME
Personal name Sudarshan, S.
942 ## - ADDED ENTRY ELEMENTS (KOHA)
Koha item type General Book
Holdings
Koha full call number Koha date last seen Koha renewals Koha issues (times borrowed) Sublocation or collection (holding branch) Koha date last borrowed Withdrawn status Price effective from Source of classification or shelving scheme Shelving location Koha item type Damaged status Date acquired Copy number Not for loan Koha normalized classification for sorting Location (home branch) Piece designation (barcode) Lost status
007.74/SIL/20062014-07-22  Central Library, BUET  2014-07-22 Circulation sectionGeneral Book 2014-07-221 007_000000000000000_74SIL2006Central Library, BUET103320 
007.74/SIL/20062016-12-242 Central Library, BUET  2014-07-22 Circulation sectionGeneral Book 2014-07-222 007_000000000000000_74SIL2006Central Library, BUET103321 
005.74 SIL/20062014-08-25  Central Library, BUET  2014-08-25 Circulation sectionGeneral Book 2014-08-253 005_740000000000000_SIL2006Central Library, BUET103322 
005.74/SIL/20062021-12-18 1Central Library, BUET2021-12-04 2014-08-25 Circulation sectionGeneral Book 2014-08-254 005_000000000000000_74SIL2006Central Library, BUET103323 
005.74/SIL/20062014-08-25  Central Library, BUET  2014-08-25 Circulation sectionGeneral Book 2014-08-255 005_000000000000000_74SIL2006Central Library, BUET103324 
005.74/SIL/20062014-08-25  Central Library, BUET  2014-08-25 Circulation sectionGeneral Book 2014-08-256 005_740000000000000_SIL_2006Central Library, BUET103325 
005.74/SIL/20062017-07-16 1Central Library, BUET2017-07-01 2014-08-25 Circulation sectionGeneral Book 2014-08-257 005_740000000000000_SIL_2006Central Library, BUET103326 
005.74/SIL/20062014-08-25  Central Library, BUET  2014-08-25 Circulation sectionGeneral Book 2014-08-258 005_000000000000000_74SIL2006Central Library, BUET103327 
005.74/SIL/20062014-08-25  Central Library, BUET  2014-08-25 Circulation sectionGeneral Book 2014-08-259 005_000000000000000_74SIL2006Central Library, BUET103328 
005.74/SIL/20062014-08-25  Central Library, BUET  2014-08-25 Circulation sectionGeneral Book 2014-08-2510 005_000000000000000_74SIL2006Central Library, BUET103329 
005.74/SIL/20062015-06-09  Central Library, BUET  2015-06-09 Reading sectionReading Item 2015-06-0911 005_740000000000000_SIL_2006Central Library, BUET102172 
005.74/SIL/20062015-06-09  Central Library, BUET  2015-06-09 Reading sectionReading Item 2015-06-0912 005_740000000000000_SIL_2006Central Library, BUET102554